[Event "Madrid Codes Memorial 8th"]
[Site "Madrid"]
[Date "2014.05.04"]
[Round "6"]
[White "Fernandez Sanchez, Lorenzo"]
[Black "Crespo Villalba, Israel"]
[Result "1-0"]
[WhiteElo "1793"]
[BlackElo "1895"]
[PlyCount "147"]
[EventDate "2014.03.23"]
[EventType "swiss"]
[EventRounds "9"]
[EventCountry "ESP"]
[SourceTitle "EXT 2019"]
[Source "ChessBase"]
[SourceDate "2018.10.10"]
[SourceVersion "1"]
[SourceVersionDate "2018.10.10"]
[SourceQuality "1"]

1. e4 d6 2. d4 Nf6 3. Nc3 g6 4. Be3 Bg7 5. Qd2 0-0 6. f3 e5 7. Nge2 exd4 8. Nxd4 d5 9. exd5 Nxd5 10. Nxd5 Qxd5 11. c3 Re8 12. Kf2 c6 13. Nb3 Qxd2+ 14. Bxd2 Nd7 15. Be2 Ne5 16. Nd4 a6 17. Rhe1 c5 18. Nb3 b6 19. Bf4 Bf5 20. Bxe5 Rxe5 21. f4 Re7 22. Bf3 Rxe1 23. Rxe1 Rd8 24. Rd1 Rxd1 25. Bxd1 c4 26. Nd2 b5 27. a3 Bf8 28. Bf3 Bc5+ 29. Ke1 Be3 30. g3 Bd7 31. Bb7 a5 32. Ke2 Bc5 33. Kf3 Be6 34. Ne4 Be7 35. Bc6 b4 36. axb4 axb4 37. Ng5 bxc3 38. bxc3 Bc8 39. Bd5 Be6 40. Nxe6 fxe6 41. Bxe6+ Kg7 42. Ke2 Kf6 43. Bxc4 g5 44. Kf3 gxf4 45. gxf4 h6 46. Kg4 Bd6 47. Bd5 h5+ 48. Kf3 Bc5 49. Ke4 h4 50. h3 Bb6 51. Bb7 Bc7 52. Kf3 Bd8 53. Kg4 Bc7 54. Bf3 Bd6 55. Be4 Bc7 56. c4 Bd6 57. Bd5 Bc7 58. c5 Bb8 59. Bb7 Bc7 60. Kf3 Kf5 61. Bc8+ Kf6 62. Ke4 Bb8 63. f5 Be5 64. Kd5 Bb8 65. Kc6 Ba7 66. Kd6 Bb8+ 67. Kc6 Ba7 68. Kb5 Ke5 69. c6 Bb8 70. Kb6 Kd6 71. Kb7 Bc7 72. f6 Ba5 73. Bg4 Bd8 74. Bh5 1-0

[Event "Madrid Codes Memorial 8th"]
[Site "Madrid"]
[Date "2014.04.06"]
[Round "3"]
[White "Crespo Villalba, Israel"]
[Black "Rodriguez Dorado, Victor Manuel"]
[Result "0-1"]
[WhiteElo "1895"]
[BlackElo "1989"]
[PlyCount "36"]
[EventDate "2014.03.23"]
[EventType "swiss"]
[EventRounds "9"]
[EventCountry "ESP"]
[SourceTitle "EXT 2015"]
[Source "ChessBase"]
[SourceDate "2014.11.20"]
[SourceVersion "1"]
[SourceVersionDate "2014.11.20"]
[SourceQuality "1"]

1. e4 c5 2. Nf3 d6 3. d4 cxd4 4. Nxd4 Nf6 5. Nc3 g6 6. Be2 Bg7 7. 0-0 0-0 8. Be3 Nc6 9. Nb3 Be6 10. f4 Rc8 11. Bf3 Bc4 12. Rf2 Qc7 13. Rd2 b5 14. e5 dxe5 15. Bxc6 exf4 16. Bxf4 Qxf4 17. Bxb5 Ng4 18. Bxc4 Qxh2+ 0-1

[Event "Madrid-ch Previa-A"]
[Site "Madrid"]
[Date "2014.02.19"]
[Round "9"]
[White "Crespo Villalba, Israel"]
[Black "Algaba Traspuesto, Jose Antonio"]
[Result "1-0"]
[WhiteElo "1897"]
[BlackElo "1721"]
[PlyCount "79"]
[EventDate "2014.02.03"]
[EventType "swiss"]
[EventRounds "9"]
[EventCountry "ESP"]
[SourceTitle "EXT 2015"]
[Source "ChessBase"]
[SourceDate "2014.11.20"]
[SourceVersion "1"]
[SourceVersionDate "2014.11.20"]
[SourceQuality "1"]

1. e4 e6 2. Nf3 d5 3. exd5 exd5 4. d4 Nc6 5. Be2 Bd6 6. 0-0 Nge7 7. c4 dxc4 8. Bxc4 Bf5 9. a3 Qd7 10. Nc3 f6 11. d5 Ne5 12. Bb5 c6 13. Nxe5 Bxe5 14. dxc6 bxc6 15. Qxd7+ Bxd7 16. Bc4 0-0-0 17. Be3 Kb8 18. a4 Nf5 19. Bc5 Bd6 20. Ne4 Bxc5 21. Nxc5 Bc8 22. Rad1 Nd6 23. Be6 Rhe8 24. Rfe1 Bxe6 25. Rxe6 Rxe6 26. Nxe6 Rd7 27. Nxg7 Rxg7 28. Rxd6 Re7 29. Kf1 Rb7 30. Rxc6 Rxb2 31. Rxf6 Ra2 32. Rf8+ Kb7 33. Rf7+ Kc6 34. Rxh7 Rxa4 35. Rh6+ Kb5 36. Rh8 Ra2 37. g4 Kc6 38. h4 a5 39. g5 Kd6 40. g6 1-0

[Event "Madrid San Viator op 21st"]
[Site "Madrid"]
[Date "2013.11.10"]
[Round "8"]
[White "Navarro Gonzalez, Jaime"]
[Black "Crespo Villalba, Israel"]
[Result "0-1"]
[WhiteElo "1795"]
[BlackElo "1886"]
[PlyCount "94"]
[EventDate "2013.09.29"]
[EventType "swiss"]
[EventRounds "9"]
[EventCountry "ESP"]
[SourceTitle "EXT 2015"]
[Source "ChessBase"]
[SourceDate "2014.11.20"]
[SourceVersion "1"]
[SourceVersionDate "2014.11.20"]
[SourceQuality "1"]

1. e4 d6 2. d4 Nf6 3. Bd3 g6 4. c4 Bg7 5. Nc3 0-0 6. Nf3 Bg4 7. h3 Bc8 8. 0-0 e5 9. d5 Nbd7 10. Be3 Ne8 11. Qd2 f5 12. exf5 gxf5 13. Bh6 e4 14. Nxe4 fxe4 15. Bxg7 Nxg7 16. Bxe4 Nc5 17. Bc2 Bf5 18. Nd4 Bxc2 19. Qxc2 Qf6 20. Rad1 Nf5 21. Nb5 Rf7 22. b4 Na6 23. a3 c6 24. dxc6 bxc6 25. Qe4 d5 26. cxd5 cxb5 27. d6 Rd8 28. Qc6 Nb8 29. Qxb5 Nd7 30. Rd3 Ne5 31. Rd5 Nxd6 32. Qa5 Nb7 33. Rxd8+ Nxd8 34. f4 Ne6 35. Qxe5 Qxe5 36. fxe5 Rxf1+ 37. Kxf1 Nd4 38. a4 Kf7 39. Kf2 Nc6 40. b5 Nxe5 41. a5 Nc4 42. b6 Nxb6 43. axb6 axb6 44. Ke3 Ke6 45. g4 Ke5 46. h4 b5 47. h5 h6 0-1

[Event "Madrid San Viator op 21st"]
[Site "Madrid"]
[Date "2013.10.13"]
[Round "4"]
[White "Vallejo Nuno, Jorge"]
[Black "Crespo Villalba, Israel"]
[Result "1-0"]
[WhiteElo "2068"]
[BlackElo "1886"]
[PlyCount "73"]
[EventDate "2013.09.29"]
[EventType "swiss"]
[EventRounds "9"]
[EventCountry "ESP"]
[SourceTitle "EXT 2015"]
[Source "ChessBase"]
[SourceDate "2014.11.20"]
[SourceVersion "1"]
[SourceVersionDate "2014.11.20"]
[SourceQuality "1"]

1. e4 d6 2. d4 Nf6 3. Nc3 g6 4. Bg5 Bg7 5. e5 Nfd7 6. f4 0-0 7. Nf3 c5 8. exd6 f6 9. Bh4 exd6 10. Bc4+ Kh8 11. 0-0 Nb6 12. Be2 Nc6 13. Qd2 Bg4 14. d5 Ne7 15. h3 Bxf3 16. Bxf3 Nf5 17. Bf2 Re8 18. g4 Nh6 19. Kg2 Qd7 20. a4 f5 21. g5 Nf7 22. Qd3 a6 23. a5 Nc8 24. Na4 Qb5 25. c4 Qd7 26. Rfb1 Ne5 27. fxe5 dxe5 28. Nxc5 Qe7 29. Ne6 e4 30. Bxe4 fxe4 31. Qxe4 Nd6 32. Qf4 Rf8 33. Nxf8 Rxf8 34. Re1 Qc7 35. Bb6 Qxc4 36. Qxd6 Qc2+ 37. Kg1 1-0

[Event "Madrid San Viator op 21st"]
[Site "Madrid"]
[Date "2013.10.06"]
[Round "2"]
[White "Crespo Villalba, Israel"]
[Black "Luque Ibanez, Manuel"]
[Result "1-0"]
[WhiteElo "1886"]
[BlackElo "2021"]
[PlyCount "65"]
[EventDate "2013.09.29"]
[EventType "swiss"]
[EventRounds "9"]
[EventCountry "ESP"]
[SourceTitle "EXT 2015"]
[Source "ChessBase"]
[SourceDate "2014.11.20"]
[SourceVersion "1"]
[SourceVersionDate "2014.11.20"]
[SourceQuality "1"]

1. e4 c5 2. Nf3 Nc6 3. d4 cxd4 4. Nxd4 Nf6 5. Nc3 e5 6. Ndb5 d6 7. Bg5 a6 8. Na3 b5 9. Nd5 Be7 10. Bxf6 Bxf6 11. c3 0-0 12. g3 Bg5 13. Bg2 Bb7 14. 0-0 Ne7 15. Nxe7+ Qxe7 16. Nc2 f5 17. exf5 Bxg2 18. Kxg2 Qb7+ 19. Kg1 Rxf5 20. Nb4 Qf7 21. Qd5 Qxd5 22. Nxd5 e4 23. Rad1 Raf8 24. h4 Bd8 25. Ne3 R5f6 26. Rd4 Re6 27. Rfd1 Be7 28. Nd5 Bf6 29. R4d2 Be5 30. Re2 Bf6 31. a3 Kf7 32. Nc7 Re7 33. Nxa6 1-0

[Event "Madrid Codes Memorial 7th"]
[Site "Madrid"]
[Date "2013.05.26"]
[Round "8"]
[White "Marcos Herrero, Francisco"]
[Black "Crespo Villalba, Israel"]
[Result "1/2-1/2"]
[WhiteElo "1912"]
[BlackElo "1921"]
[PlyCount "139"]
[EventDate "2013.04.07"]
[EventType "swiss"]
[EventRounds "9"]
[EventCountry "ESP"]
[SourceTitle "EXT 2014"]
[Source "ChessBase"]
[SourceDate "2013.11.20"]
[SourceVersion "1"]
[SourceVersionDate "2013.11.20"]
[SourceQuality "1"]

1. d4 Nf6 2. c4 g6 3. g3 Bg7 4. Bg2 0-0 5. Nc3 d6 6. Nf3 c6 7. 0-0 Qc7 8. e4 e5 9. h3 a5 10. Be3 Na6 11. Qc2 Re8 12. Rad1 b5 13. dxe5 dxe5 14. cxb5 cxb5 15. Qe2 Bd7 16. Nxb5 Bxb5 17. Qxb5 Nb4 18. a3 Rab8 19. Qa4 Nc2 20. Bg5 h6 21. Bxf6 Bxf6 22. Rc1 Rec8 23. Rfd1 Rxb2 24. Rd5 Qc3 25. Rxa5 Ra2 26. Ra8 Rxa8 27. Qxa8+ Kg7 28. a4 Qb2 29. Rf1 Ne3 30. Qa7 Nxf1 31. Bxf1 Bd8 32. Bc4 Qc1+ 33. Bf1 Ra1 34. Qa6 Bb6 35. Qb5 Qc5 36. Qb2 Rxa4 37. Nxe5 Qd4 38. Qxd4 Bxd4 39. Nd3 Ra2 40. Kg2 h5 41. h4 Kf8 42. Kf3 Ke7 43. Be2 Rc2 44. Nf4 Kd6 45. Nd3 Rc3 46. Kg2 Rb3 47. Kf3 f6 48. Kg2 g5 49. e5+ Bxe5 50. Nxe5 Kxe5 51. hxg5 fxg5 52. Bxh5 Kf5 53. f3 Rb2+ 54. Kg1 Ke5 55. Bg4 Kd4 56. f4 gxf4 57. gxf4 Ke3 58. f5 Kf4 59. Bh5 Kg3 60. Kf1 Rf2+ 61. Ke1 Rxf5 62. Bg6 Rf2 63. Kd1 Kf4 64. Kc1 Ke3 65. Kb1 Kd4 66. Ka1 Kc3 67. Bh7 Rf1+ 68. Bb1 Rd1 69. Ka2 Rd6 70. Ka1 1/2-1/2

[Event "Madrid Codes Memorial 7th"]
[Site "Madrid"]
[Date "2013.05.05"]
[Round "5"]
[White "Martin Garcia, Francisco Javier"]
[Black "Crespo Villalba, Israel"]
[Result "1/2-1/2"]
[WhiteElo "1698"]
[BlackElo "1921"]
[PlyCount "80"]
[EventDate "2013.04.07"]
[EventType "swiss"]
[EventRounds "9"]
[EventCountry "ESP"]
[SourceTitle "EXT 2014"]
[Source "ChessBase"]
[SourceDate "2013.11.20"]
[SourceVersion "1"]
[SourceVersionDate "2013.11.20"]
[SourceQuality "1"]

1. d4 Nf6 2. Nf3 g6 3. c4 Bg7 4. g3 0-0 5. Nc3 d6 6. Bg2 c6 7. 0-0 Qc7 8. Bf4 Nh5 9. Bd2 e5 10. d5 f5 11. Rc1 e4 12. Ng5 h6 13. Nh3 Nd7 14. Nf4 Nxf4 15. Bxf4 g5 16. dxc6 gxf4 17. cxd7 Bxd7 18. Nd5 Qd8 19. Nxf4 Bxb2 20. Rb1 Qf6 21. Qd5+ Kh8 22. Qxb7 Be5 23. Qxd7 Bxf4 24. gxf4 Rf7 25. Qc6 Rg8 26. Kh1 Rfg7 27. Bxe4 fxe4 28. Qxe4 Rg2 29. Qxg2 Rxg2 30. Kxg2 Qxf4 31. Kh1 Qe4+ 32. f3 Qxe2 33. Rbe1 Qxc4 34. Re8+ Kg7 35. Rfe1 Qxa2 36. R1e2 Qb1+ 37. Kg2 Qd3 38. R8e7+ Kf8 39. Re8+ Kf7 40. R8e7+ Kf8 1/2-1/2

[Event "Madrid Codes Memorial 7th"]
[Site "Madrid"]
[Date "2013.04.07"]
[Round "1"]
[White "Melcon Diez, Enrique"]
[Black "Crespo Villalba, Israel"]
[Result "0-1"]
[WhiteElo "1641"]
[BlackElo "1921"]
[PlyCount "58"]
[EventDate "2013.04.07"]
[EventType "swiss"]
[EventRounds "9"]
[EventCountry "ESP"]
[SourceTitle "EXT 2014"]
[Source "ChessBase"]
[SourceDate "2013.11.20"]
[SourceVersion "1"]
[SourceVersionDate "2013.11.20"]
[SourceQuality "1"]

1. c4 Nf6 2. Nc3 g6 3. e4 d6 4. d4 Bg7 5. f4 0-0 6. Nf3 Bg4 7. Be2 c5 8. d5 e6 9. 0-0 exd5 10. cxd5 Re8 11. h3 Bxf3 12. Bxf3 a6 13. Be3 b5 14. Qc2 b4 15. Na4 Nxd5 16. Bxc5 dxc5 17. exd5 Bd4+ 18. Kh1 Qd6 19. Rac1 Nd7 20. Rfd1 Be3 21. f5 Ne5 22. fxg6 hxg6 23. Nxc5 Nxf3 24. gxf3 Bxc1 25. Ne6 Bf4 26. h4 Rxe6 27. dxe6 Qxe6 28. Qg2 Kg7 29. h5 Rh8 0-1

[Event "Moratalaz op 20th"]
[Site "Madrid"]
[Date "2007.09.16"]
[Round "2"]
[White "Estrada Martinez, Cesar"]
[Black "Crespo Villalba, Israel"]
[Result "1-0"]
[WhiteElo "2211"]
[BlackElo "1952"]
[PlyCount "83"]
[EventDate "2007.09.15"]
[EventType "swiss"]
[EventRounds "9"]
[EventCountry "ESP"]
[SourceTitle "EXT 2008"]
[Source "ChessBase"]
[SourceDate "2007.11.25"]
[SourceVersion "1"]
[SourceVersionDate "2007.11.25"]
[SourceQuality "1"]

1. Nf3 d5 2. g3 c5 3. c4 d4 4. b4 cxb4 5. a3 bxa3 6. Bxa3 Nc6 7. Bg2 e5 8. Bxf8 Kxf8 9. d3 Nge7 10. 0-0 g6 11. Nbd2 Kg7 12. Qb3 Qc7 13. Rfb1 a5 14. Qb6 Qxb6 15. Rxb6 f5 16. Nb3 h6 17. Ra4 Rd8 18. Rb5 Kf6 19. Nfd2 Rd7 20. Nxa5 Nxa5 21. Rbxa5 Rxa5 22. Rxa5 Nc6 23. Rb5 Rc7 24. Nb3 Na7 25. Rb6+ Kg7 26. Na5 Nc6 27. Bxc6 bxc6 28. Nxc6 e4 29. Nxd4 exd3 30. exd3 f4 31. gxf4 Rd7 32. Ne6+ Kf7 33. d4 Ke7 34. d5 Rd6 35. Rxd6 Kxd6 36. Kg2 Ba6 37. c5+ Kd7 38. Nf8+ Ke7 39. Nxg6+ Kf6 40. Ne5 Bb5 41. Kf3 Kf5 42. c6 1-0